000 00442nam a22001457a 4500
003 MACL
005 20170512120246.0
008 170512b xxu||||| |||| 00| 0 eng d
040 _cMACL
100 _aअग्रवाल नवनीत
_967118
245 _aअगर तुम ना होते
260 _aदिल्‍ली
_bगौरव बुक्‍स
_c2015
650 _aकहानिया
_933092
942 _2ddc
_cHIN
999 _c56317
_d56317